| 000 | 01389cam a2200361 a 4500 | ||
|---|---|---|---|
| 001 | EDZ0000117311 | ||
| 003 | StDuBDS | ||
| 005 | 20161031105156.0 | ||
| 006 | m||||||||d|||||||| | ||
| 007 | cr ||||||||||| | ||
| 008 | 130111s2008 caua fo| 000|0|eng|d | ||
| 020 |
_a9781446263044 (ebook) : _cNo price |
||
| 040 |
_aStDuBDS _beng _cStDuBDS _epn |
||
| 049 | _aAlfaisal Main Library | ||
| 050 | 0 |
_aBF531 _b.P78 2008 |
|
| 082 | 0 | 4 |
_a152.4 _223 |
| 245 | 0 | 0 |
_aPsychology of emotions _h[electronic resource] / _cedited by Antony S.R. Manstead. |
| 260 |
_aLos Angeles, [Calif.] ; _aLondon : _bSAGE, _c2008. |
||
| 300 |
_a1 online resource (5 v.) : _bill. (some col.). |
||
| 490 | 1 | _aSAGE benchmarks in psychology | |
| 520 | 8 | _aCovering the entire scope of the psychology of emotion, this collection contains benchmark readings with a combination of classic works and more recent key publications. | |
| 521 | _aSpecialized. | ||
| 588 | _aDescription based on print version record. | ||
| 504 | _aIncludes bibliographical references. | ||
| 650 | 0 | _aEmotions. | |
| 655 | 7 |
_aElectronic books. _2local |
|
| 700 | 1 | _aManstead, A. S. R. | |
| 710 | 2 | _aSage eBooks | |
| 776 | 0 | 8 |
_iPrint version : _z9781412934381 |
| 830 | 0 | _aSAGE benchmarks in psychology. | |
| 856 | 4 | 0 | _uhttp://ezproxy.alfaisal.edu/login?url=http://sk.sagepub.com/navigator/psychology-of-emotions |
| 942 |
_2lcc _cEBOOKS |
||
| 999 |
_c480986 _d480986 |
||